000 00458pab a2200169 454500
008 180718b2012 xxu||||| |||| 00| 0 eng d
100 _aMishra, Yamini
245 _aReview of women's studies: Gender responsive budgeting in India: What has gone wrong?
260 _c2012
300 _ap.50-57.
362 _a28 Apr
650 _aWomens studies
700 _aSinha, Navanita
773 _aEconomic and Political Weekly
908 _aN
909 _a95762
999 _c95762
_d95762